00757 a2200265 4500260001000000630004500010037001000055650003500065100001900100260001100119245007500130300001000205650001900215260000900234300001000243100000700253440002600260037001000286037001000296037001000306700004000316700002400356999001700380952009400397 aParis a16 - Logique. Theorie de la connaissance b3, BU a1 - PHILOSOPHIE ET PSYCHOLOGIE aComte, Auguste bMouton aCorrepondance générale et confessions. Tome 2: Avril 1841-Mars1845 a461p. acorrespondance c1975 b23cm. lFR aArchives positivistes aL1731 aL1734 aL2756 aEd., Berrêdo Carneiro, Paulo aEd., Arnaud, Pierre c39571d39571 00104070aBUACbBUACd2009-02-28l0o177.3:2 COMr2009-02-28 00:00:00w2009-02-28yLIVR